| 000 -LEADER |
| fixed length control field |
03348cam a22003738i 4500 |
| 001 - CONTROL NUMBER |
| control field |
20612658 |
| 005 - DATE AND TIME OF LATEST TRANSACTION |
| control field |
20220721114313.0 |
| 008 - FIXED-LENGTH DATA ELEMENTS--GENERAL INFORMATION |
| fixed length control field |
180803s2018 enk 000 0 eng |
| 010 ## - LIBRARY OF CONGRESS CONTROL NUMBER |
| LC control number |
2018037321 |
| 020 ## - INTERNATIONAL STANDARD BOOK NUMBER |
| International Standard Book Number |
9781108820684 |
| 040 ## - CATALOGING SOURCE |
| Original cataloging agency |
DLC |
| Language of cataloging |
eng |
| Description conventions |
rda |
| Transcribing agency |
DLC |
| 042 ## - AUTHENTICATION CODE |
| Authentication code |
pcc |
| 043 ## - GEOGRAPHIC AREA CODE |
| Geographic area code |
a-ja--- |
| 050 00 - LIBRARY OF CONGRESS CALL NUMBER |
| Classification number |
KZ1181 |
| Item number |
.C64 2018 |
| 082 00 - DEWEY DECIMAL CLASSIFICATION NUMBER |
| Classification number |
341.690268 |
| Author Mark |
COH |
| 084 ## - OTHER CLASSIFICATION NUMBER |
| Classification number |
HIS037070 |
| Number source |
bisacsh |
| 100 1# - MAIN ENTRY--PERSONAL NAME |
| Personal name |
Cohen, David |
| Fuller form of name |
(David J.), |
| Relator term |
author. |
| 9 (RLIN) |
94325 |
| 245 14 - TITLE STATEMENT |
| Title |
The Tokyo War Crimes Tribunal : |
| Remainder of title |
law, history, and jurisprudence / |
| Statement of responsibility, etc. |
David Cohen, Stanford University; Yuma Totani, University of Hawaii. |
| 263 ## - PROJECTED PUBLICATION DATE |
| Projected publication date |
1811 |
| 264 #1 - PRODUCTION, PUBLICATION, DISTRIBUTION, MANUFACTURE, AND COPYRIGHT NOTICE |
| Place of production, publication, distribution, manufacture |
Cambridge, United Kingdom ; |
| -- |
New York, NY, USA : |
| Name of producer, publisher, distributor, manufacturer |
Cambridge University Press, |
| Date of production, publication, distribution, manufacture, or copyright notice |
2018. |
| 300 ## - PHYSICAL DESCRIPTION |
| Extent |
543 p. ; |
| Dimensions |
23 cm. |
| 336 ## - CONTENT TYPE |
| Content type term |
text |
| Content type code |
txt |
| Source |
rdacontent |
| 337 ## - MEDIA TYPE |
| Media type term |
unmediated |
| Media type code |
n |
| Source |
rdamedia |
| 338 ## - CARRIER TYPE |
| Carrier type term |
volume |
| Carrier type code |
nc |
| Source |
rdacarrier |
| 505 8# - FORMATTED CONTENTS NOTE |
| Formatted contents note |
Machine generated contents note: Introduction; Part I. The Allied War Crimes Policy, the Indictment, and Court Proceedings: 1. The framework of the trial; 2. Charges of crimes against peace; 3. The Japanese system of government; 4. Individual roles in the making of the war and the overall conspiracy; 5. Counts on murder, conventional war crimes, and crimes against humanity; 6. Accountability of war crimes; Part II. Law and Jurisprudence of the Judgments and Separate Opinions: 7. The majority judgment: crimes against peace; 8. An alternative perspective on accountability for crimes against peace: the two Webb judgments; 9. The majority judgment on war crimes; 10. An alternative Tokyo judgment: the draft Webb judgment on war crimes; 11. The dissenting opinions by Justices Bernard and Roeling; 12. Pal's 'judgment', or dissenting opinion, on crimes against peace; 13. Pal's treatment of war crimes charges; 14. The concurring opinions of Justices Webb and Jaranilla; Conclusion. |
| 520 ## - SUMMARY, ETC. |
| Summary, etc. |
"The Tokyo War Crimes Tribunal: Like its Nuremberg counterpart, the Tokyo Trial was foundational in the field of international law. However, up to now, the persistent notion of "victor's justice" in the existing historical literature has made it difficult to treat it as such. David Cohen and Yuma Totani seek to redress this by cutting through persistent orthodoxies and ideologies that have plagued the trial. Instead they present it simply as a judicial process, and in so doing reveal its enduring importance for international jurisprudence. A wide range of primary sources are considered, including court transcripts, court exhibits, the majority judgment, and five separate concurring and dissenting opinions. The authors also provide comparative analysis of the Allied trials at Nuremberg, resulting in a comprehensive and empirically grounded study of the trial. The Tokyo Tribunal was a watershed moment in the history of the Asia-Pacific region. This ground-breaking study reveals it is of continuing relevance today"-- |
| Assigning source |
Provided by publisher. |
| 650 #0 - SUBJECT ADDED ENTRY--TOPICAL TERM |
| Topical term or geographic name entry element |
Tokyo Trial, Tokyo, Japan, 1946-1948. |
| 9 (RLIN) |
94326 |
| 650 #0 - SUBJECT ADDED ENTRY--TOPICAL TERM |
| Topical term or geographic name entry element |
War crimes trials |
| Geographic subdivision |
Japan |
| -- |
Tokyo |
| General subdivision |
History |
| Chronological subdivision |
20th century. |
| 9 (RLIN) |
94327 |
| 650 #7 - SUBJECT ADDED ENTRY--TOPICAL TERM |
| Topical term or geographic name entry element |
HISTORY / Modern / 20th Century. |
| Source of heading or term |
bisacsh |
| 9 (RLIN) |
58953 |
| 700 1# - ADDED ENTRY--PERSONAL NAME |
| Personal name |
Totani, Yuma, |
| Dates associated with a name |
1972- |
| Relator term |
author. |
| 9 (RLIN) |
94328 |
| 906 ## - LOCAL DATA ELEMENT F, LDF (RLIN) |
| a |
7 |
| b |
cbc |
| c |
orignew |
| d |
1 |
| e |
ecip |
| f |
20 |
| g |
y-gencatlg |
| 942 ## - ADDED ENTRY ELEMENTS (KOHA) |
| Source of classification or shelving scheme |
|
| Koha item type |
Book |